000 00706nam a2200229 a 4500
999 _c11472
_d11472
001 11472
003 BD-JhCC
005 20201208134019.0
008 190625b 2019bg |||| ||a| 000 0 ben d
020 _a9789849368007
035 _a(BD-JhCC)11472
040 _aBD-JhCC
_dBD-JhCC
041 _aben
082 _a891.4415
_bANI 2019
100 _aঅনীক, আদিত্য
245 _aশ্রেষ্ঠ কবিতা /
_cআদিত্য অনীক ।
260 _aঢাকা:
_bআয়াত পাবলিকেশন;
_c২০১৯.
300 _a১৫৯ পৃ. :
_c২২ সেমি.
650 _a Bengali poetry
942 _2ddc
_cBK
_06